000 01743cam a2200325 a 4500
001 15513690
003 OSt
005 20140310181917.0
008 081106s2009 tnu b 000 0 eng
010 _a 2008044839
020 _a9780785214120
040 _aDLC
_cDLC
_dDLC
050 0 0 _aHF 5386
_b.M444 2009
082 0 0 _aHS 248.8
_bB25 1982
100 1 _aMaxwell, John C.,
_d1947-
_91174
245 1 0 _aPut your dream to the test :
_b10 questions that will help you see it and seize it /
_cJohn C. Maxwell.
260 _aNashville, Tenn. :
_bThomas Nelson,
_cc2009.
300 _a234 p. ;
_c24 cm.
504 _aIncludes bibliographical references (p. 227-234).
505 0 _aThe ownership question : is my dream really my dream? -- The clarity question : do I clearly see my dream? -- The reality question : am I depending on factors within my control to achieve my dream? -- The passion question : does my dream compel me to follow it? -- The pathway question : do I have a strategy to reach my dream? -- The people question : have I included the people I need to realize my dream? -- The cost question : am I willing to pay the price for my dream? -- The tenacity question : am I moving closer to my dream? -- The fulfillment question : does working toward my dream bring satisfaction? -- The significance question : does my dream benefit others?.
521 _aFaculty.
541 _j1
562 _e1
650 0 _aSuccess in business.
_9442
650 0 _aSuccess.
_9730
650 0 _aConduct of life.
_91175
906 _a7
_bcbc
_corignew
_d1
_eecip
_f20
_gy-gencatlg
942 _2lcc
_cBK-TR
_iP GS
999 _c6827
_d6827